00624 2200229 4500001002100000005001500021035002000036008004100056020002200097082001400119084002000133100001400153245004200167250001500209260003200224300003000256650002000286700001400306990002500320990002500345990002400370INLIS00000000002098420250505123527 a0010-0318000370250505 g 1 ind  a978-602-8997-90-4 a899.221 3 a899.221 3 TER r0 aTere Liye1 aRindu /cTere Liye, editor; Andriyati aCetakan 44 aJakarta :bRepublika,c2017 a544 halaman :b- ;c21 cm 4aFiksi Indonesia0 aAndriyati a2266/B/Dinarpus/2017 a2273/b/dINARpUS/2017 a531/D/DINARPUS/2025